[Event "April 9 Early 2024"]
[Site "Chess.com"]
[Date "2024.04.09"]
[Round "7"]
[White "Kovalevsky, Stanislav"]
[Black "Borgaonkar Akshay"]
[Result "0-1"]
[Board "119"]
[WhiteFideId "13508598"]
[BlackFideId "25639110"]
[WhiteTitle "FM"]
[BlackTitle "FM"]
[WhiteElo "2469"]
[BlackElo "2628"]
[WhiteTeam "FID"]
[BlackTeam "IND"]
[WhiteClock "0:00:20"]
[BlackClock "0:01:22"]
[Variant "Standard"]

1. c4 {[%clk 0:03:00]}  c6 {[%clk 0:03:00]} 2. e4 {[%clk 0:03:00]}  e5 {[%clk 0:02:59]} 3. Nc3 {[%clk 0:03:00]}  Nf6 {[%clk 0:03:00]} 4. g3 {[%clk 0:03:00]}  Bc5 {[%clk 0:03:00]} 5. Bg2 {[%clk 0:03:00]}  h5 {[%clk 0:03:01]} 6. d3 {[%clk 0:02:59]}  h4 {[%clk 0:03:01]} 7. Be3 {[%clk 0:02:56]}  Bxe3 {[%clk 0:03:00]} 8. fxe3 {[%clk 0:02:57]}  hxg3 {[%clk 0:03:01]} 9. hxg3 {[%clk 0:02:57]}  Rxh1 {[%clk 0:03:02]} 10. Bxh1 {[%clk 0:02:58]}  d6 {[%clk 0:03:01]} 11. Nf3 {[%clk 0:02:51]}  Bg4 {[%clk 0:02:56]} 12. Qd2 {[%clk 0:02:51]}  Nbd7 {[%clk 0:02:56]} 13. O-O-O {[%clk 0:02:51]}  a5 {[%clk 0:02:53]} 14. d4 {[%clk 0:02:48]}  Qb6 {[%clk 0:02:49]} 15. c5 {[%clk 0:02:42]}  dxc5 {[%clk 0:02:40]} 16. dxe5 {[%clk 0:02:42]}  Bxf3 {[%clk 0:02:36]} 17. exf6 {[%clk 0:02:42]}  Bxd1 {[%clk 0:02:36]} 18. fxg7 {[%clk 0:02:40]}  O-O-O {[%clk 0:02:37]} 19. Qxd1 {[%clk 0:02:35]}  Ne5 {[%clk 0:02:37]} 20. Qe2 {[%clk 0:02:15]}  Rg8 {[%clk 0:02:30]} 21. Qh5 {[%clk 0:02:10]}  Nd3+ {[%clk 0:02:24]} 22. Kc2 {[%clk 0:02:09]}  Qxb2+ {[%clk 0:02:00]} 23. Kxd3 {[%clk 0:02:09]}  Rd8+ {[%clk 0:02:01]} 24. Nd5 {[%clk 0:02:10]}  cxd5 {[%clk 0:01:59]} 25. exd5 {[%clk 0:02:00]}  Qxg7 {[%clk 0:01:56]} 26. g4 {[%clk 0:01:51]}  Rh8 {[%clk 0:01:52]} 27. Qf5+ {[%clk 0:01:49]}  Kb8 {[%clk 0:01:52]} 28. Be4 {[%clk 0:01:46]}  Qb2 {[%clk 0:01:47]} 29. d6 {[%clk 0:01:28]}  Qb1+ {[%clk 0:01:43]} 30. Kc4 {[%clk 0:01:21]}  Qc1+ {[%clk 0:01:41]} 31. Kd5 {[%clk 0:01:17]}  Qd2+ {[%clk 0:01:39]} 32. Bd3 {[%clk 0:01:10]}  Qxe3 {[%clk 0:01:37]} 33. Qe4 {[%clk 0:00:57]}  Qg5+ {[%clk 0:01:37]} 34. Qe5 {[%clk 0:00:55]}  Qxe5+ {[%clk 0:01:31]} 35. Kxe5 {[%clk 0:00:56]}  Rd8 {[%clk 0:01:31]} 36. Bb5 {[%clk 0:00:53]}  Rg8 {[%clk 0:01:26]} 37. Kf5 {[%clk 0:00:52]}  Kc8 {[%clk 0:01:27]} 38. a4 {[%clk 0:00:47]}  Kd8 {[%clk 0:01:26]} 39. g5 {[%clk 0:00:44]}  Rg6 {[%clk 0:01:27]} 40. Bc4 {[%clk 0:00:42]}  Rxd6 {[%clk 0:01:27]} 41. Bxf7 {[%clk 0:00:42]}  Ke7 {[%clk 0:01:28]} 42. g6 {[%clk 0:00:40]}  Kf8 {[%clk 0:01:25]} 43. Bc4 {[%clk 0:00:36]}  Rd4 {[%clk 0:01:25]} 44. Bb5 {[%clk 0:00:36]}  c4 {[%clk 0:01:26]} 45. Kf6 {[%clk 0:00:35]}  Rd6+ {[%clk 0:01:23]} 46. Ke5 {[%clk 0:00:32]}  c3 {[%clk 0:01:24]} 47. Kxd6 {[%clk 0:00:29]}  c2 {[%clk 0:01:24]} 48. Ke6 {[%clk 0:00:29]}  Kg7 {[%clk 0:01:25]} 49. Kd6 {[%clk 0:00:25]}  c1=Q {[%clk 0:01:25]} 50. Kd7 {[%clk 0:00:24]}  b6 {[%clk 0:01:26]} 51. Kd6 {[%clk 0:00:24]}  Qc5+ {[%clk 0:01:27]} 52. Kd7 {[%clk 0:00:24]}  Kxg6 {[%clk 0:01:28]} 53. Bc6 {[%clk 0:00:24]}  Kg5 {[%clk 0:01:29]} 54. Kc7 {[%clk 0:00:24]}  Kf4 {[%clk 0:01:30]} 55. Kb7 {[%clk 0:00:25]}  Ke3 {[%clk 0:01:31]} 56. Bb5 {[%clk 0:00:25]}  Kd2 {[%clk 0:01:32]} 57. Ka6 {[%clk 0:00:25]}  Kc3 {[%clk 0:01:33]} 58. Kb7 {[%clk 0:00:25]}  Kb4 {[%clk 0:01:34]} 59. Ka6 {[%clk 0:00:25]}  Qc7 {[%clk 0:01:28]} 60. Bd7 {[%clk 0:00:20]}  Qxd7 {[%clk 0:01:27]} 61. Kxb6 {[%clk 0:00:21]}  Qd6+ {[%clk 0:01:22]} 62. Ka7 {[%clk 0:00:20]} 0-1

[Event "April 9 Early 2024"]
[Site "Chess.com"]
[Date "2024.04.09"]
[Round "7"]
[White "Kushch, Nikolai"]
[Black "Kacharava, Nikolozi"]
[Result "0-1"]
[Board "121"]
[WhiteFideId "14101092"]
[BlackFideId "13611860"]
[WhiteTitle "IM"]
[BlackTitle "GM"]
[WhiteElo "2465"]
[BlackElo "2626"]
[WhiteTeam "UKR"]
[BlackTeam "GEO"]
[WhiteClock "0:00:34"]
[BlackClock "0:00:28"]
[Variant "Standard"]

1. Nf3 {[%clk 0:02:59]}  Nf6 {[%clk 0:02:52]} 2. c4 {[%clk 0:02:59]}  c5 {[%clk 0:02:47]} 3. Nc3 {[%clk 0:02:58]}  Nc6 {[%clk 0:02:47]} 4. e3 {[%clk 0:02:58]}  e6 {[%clk 0:02:44]} 5. d4 {[%clk 0:02:58]}  d5 {[%clk 0:02:44]} 6. a3 {[%clk 0:02:58]}  a6 {[%clk 0:02:44]} 7. dxc5 {[%clk 0:02:57]}  Bxc5 {[%clk 0:02:44]} 8. b4 {[%clk 0:02:57]}  Bd6 {[%clk 0:02:42]} 9. Bb2 {[%clk 0:02:57]}  O-O {[%clk 0:02:39]} 10. cxd5 {[%clk 0:02:56]}  exd5 {[%clk 0:02:38]} 11. Be2 {[%clk 0:02:55]}  Be6 {[%clk 0:02:26]} 12. O-O {[%clk 0:02:54]}  Rc8 {[%clk 0:02:26]} 13. Rc1 {[%clk 0:02:53]}  Qe7 {[%clk 0:02:23]} 14. b5 {[%clk 0:02:45]}  Ne5 {[%clk 0:02:00]} 15. Nxe5 {[%clk 0:02:31]}  Bxe5 {[%clk 0:01:59]} 16. bxa6 {[%clk 0:02:26]}  bxa6 {[%clk 0:01:58]} 17. f4 {[%clk 0:02:10]}  Bd6 {[%clk 0:01:53]} 18. f5 {[%clk 0:01:58]}  Bd7 {[%clk 0:01:52]} 19. Qd3 {[%clk 0:01:26]}  Bc5 {[%clk 0:01:38]} 20. Nd1 {[%clk 0:01:19]}  Bb5 {[%clk 0:01:34]} 21. Qd2 {[%clk 0:01:15]}  Bxe2 {[%clk 0:01:19]} 22. Qxe2 {[%clk 0:01:15]}  d4 {[%clk 0:01:20]} 23. Rxc5 {[%clk 0:01:13]}  Rxc5 {[%clk 0:00:59]} 24. Bxd4 {[%clk 0:01:12]}  Rc6 {[%clk 0:00:56]} 25. Qb2 {[%clk 0:01:06]}  Rfc8 {[%clk 0:00:52]} 26. Nf2 {[%clk 0:01:02]}  Nd5 {[%clk 0:00:43]} 27. e4 {[%clk 0:00:58]}  Nf4 {[%clk 0:00:34]} 28. f6 {[%clk 0:00:48]}  Qd7 {[%clk 0:00:29]} 29. fxg7 {[%clk 0:00:34]}  Qxd4 {[%clk 0:00:28]} 0-1

[Event "April 9 Early 2024"]
[Site "Chess.com"]
[Date "2024.04.09"]
[Round "7"]
[White "Zafirakos, Jesse"]
[Black "Sadovsky, Artem"]
[Result "1-0"]
[Board "124"]
[WhiteFideId "3236200"]
[BlackFideId "4155840"]
[WhiteTitle "CM"]
[BlackTitle "IM"]
[WhiteElo "2456"]
[BlackElo "2609"]
[WhiteTeam "AUS"]
[BlackTeam "FID"]
[WhiteClock "0:01:27"]
[BlackClock "0:02:10"]
[Variant "Standard"]

1. d3 {[%clk 0:03:00]}  g6 {[%clk 0:02:56]} 2. Nf3 {[%clk 0:02:53]}  Bg7 {[%clk 0:02:55]} 3. g3 {[%clk 0:02:52]}  e5 {[%clk 0:02:54]} 4. Bg2 {[%clk 0:02:53]}  d5 {[%clk 0:02:55]} 5. O-O {[%clk 0:02:53]}  Ne7 {[%clk 0:02:55]} 6. e4 {[%clk 0:02:45]}  O-O {[%clk 0:02:56]} 7. exd5 {[%clk 0:02:45]}  Nxd5 {[%clk 0:02:57]} 8. Re1 {[%clk 0:02:45]}  Nc6 {[%clk 0:02:57]} 9. c3 {[%clk 0:02:33]}  Re8 {[%clk 0:02:56]} 10. Qc2 {[%clk 0:02:33]}  Bf5 {[%clk 0:02:56]} 11. Nh4 {[%clk 0:02:31]}  Be6 {[%clk 0:02:51]} 12. Nd2 {[%clk 0:02:17]}  Qd7 {[%clk 0:02:51]} 13. a4 {[%clk 0:02:15]}  Rad8 {[%clk 0:02:50]} 14. Nc4 {[%clk 0:02:13]}  f6 {[%clk 0:02:31]} 15. Ne3 {[%clk 0:02:06]}  Nxe3 {[%clk 0:02:30]} 16. Rxe3 {[%clk 0:02:07]}  Qxd3 {[%clk 0:02:31]} 17. Rxd3 {[%clk 0:01:43]}  Rxd3 {[%clk 0:02:32]} 18. Qxd3 {[%clk 0:01:42]}  Rd8 {[%clk 0:02:33]} 19. Qe2 {[%clk 0:01:41]}  Na5 {[%clk 0:02:26]} 20. Be3 {[%clk 0:01:35]}  Bc4 {[%clk 0:02:27]} 21. Qe1 {[%clk 0:01:32]}  Nb3 {[%clk 0:02:26]} 22. Rd1 {[%clk 0:01:29]}  Rxd1 {[%clk 0:02:27]} 23. Qxd1 {[%clk 0:01:30]}  c6 {[%clk 0:02:27]} 24. Bf1 {[%clk 0:01:28]}  Kf7 {[%clk 0:02:28]} 25. Bxc4+ {[%clk 0:01:27]}  Ke7 {[%clk 0:02:29]} 26. Bxb3 {[%clk 0:01:26]}  Ke8 {[%clk 0:02:30]} 27. Qd6 {[%clk 0:01:25]}  Bf8 {[%clk 0:02:31]} 28. Qe6+ {[%clk 0:01:26]}  Be7 {[%clk 0:02:32]} 29. Bc5 {[%clk 0:01:26]}  Kd8 {[%clk 0:02:32]} 30. Qxe7+ {[%clk 0:01:26]}  Kc8 {[%clk 0:02:10]} 31. Be6+ {[%clk 0:01:27]} 1-0

[Event "April 9 Early 2024"]
[Site "Chess.com"]
[Date "2024.04.10"]
[Round "7"]
[White "Kolb, Tobias"]
[Black "Rosenberg, Evan S"]
[Result "1-0"]
[Board "125"]
[WhiteFideId "12992321"]
[BlackFideId "2019299"]
[WhiteTitle "FM"]
[WhiteElo "2609"]
[BlackElo "2450"]
[WhiteTeam "GER"]
[BlackTeam "USA"]
[WhiteClock "0:00:14"]
[BlackClock "0:00:02"]
[Variant "Standard"]

1. e4 {[%clk 0:03:00]}  c5 {[%clk 0:02:59]} 2. Nc3 {[%clk 0:03:00]}  e6 {[%clk 0:02:59]} 3. g3 {[%clk 0:03:01]}  d5 {[%clk 0:02:59]} 4. exd5 {[%clk 0:03:02]}  exd5 {[%clk 0:02:59]} 5. Bg2 {[%clk 0:03:03]}  d4 {[%clk 0:02:56]} 6. Qe2+ {[%clk 0:03:03]}  Qe7 {[%clk 0:02:42]} 7. Nd5 {[%clk 0:03:02]}  Qxe2+ {[%clk 0:02:41]} 8. Nxe2 {[%clk 0:03:03]}  Na6 {[%clk 0:02:42]} 9. O-O {[%clk 0:02:36]}  Bd6 {[%clk 0:02:30]} 10. Re1 {[%clk 0:02:35]}  Ne7 {[%clk 0:02:19]} 11. Nxe7 {[%clk 0:02:23]}  Bxe7 {[%clk 0:02:18]} 12. Nf4 {[%clk 0:02:23]}  Kd8 {[%clk 0:02:08]} 13. Nd5 {[%clk 0:02:12]}  Bd6 {[%clk 0:02:04]} 14. d3 {[%clk 0:02:12]}  f6 {[%clk 0:02:04]} 15. Bd2 {[%clk 0:02:03]}  Nc7 {[%clk 0:01:58]} 16. Nf4 {[%clk 0:01:58]}  Rb8 {[%clk 0:01:47]} 17. h4 {[%clk 0:01:52]}  g6 {[%clk 0:01:47]} 18. a4 {[%clk 0:01:46]}  Re8 {[%clk 0:01:42]} 19. a5 {[%clk 0:01:43]}  Bg4 {[%clk 0:01:27]} 20. b3 {[%clk 0:00:57]}  Kd7 {[%clk 0:01:24]} 21. Rxe8 {[%clk 0:00:55]}  Kxe8 {[%clk 0:01:19]} 22. Re1+ {[%clk 0:00:50]}  Kf7 {[%clk 0:01:15]} 23. Nd5 {[%clk 0:00:44]}  Nxd5 {[%clk 0:01:12]} 24. Bxd5+ {[%clk 0:00:44]}  Kg7 {[%clk 0:01:12]} 25. Kg2 {[%clk 0:00:43]}  Bd7 {[%clk 0:01:06]} 26. f3 {[%clk 0:00:30]}  b6 {[%clk 0:00:37]} 27. axb6 {[%clk 0:00:30]}  axb6 {[%clk 0:00:38]} 28. Ra1 {[%clk 0:00:30]}  Rc8 {[%clk 0:00:31]} 29. Ra7 {[%clk 0:00:27]}  Rc7 {[%clk 0:00:31]} 30. Ra6 {[%clk 0:00:27]}  Bc6 {[%clk 0:00:26]} 31. Rxb6 {[%clk 0:00:28]}  Bxd5 {[%clk 0:00:23]} 32. Rxd6 {[%clk 0:00:28]}  Bf7 {[%clk 0:00:20]} 33. Ra6 {[%clk 0:00:26]}  Re7 {[%clk 0:00:18]} 34. Kf2 {[%clk 0:00:26]}  Bd5 {[%clk 0:00:15]} 35. Bf4 {[%clk 0:00:26]}  h6 {[%clk 0:00:14]} 36. Rd6 {[%clk 0:00:20]}  Ba8 {[%clk 0:00:11]} 37. Rd8 {[%clk 0:00:21]}  Bc6 {[%clk 0:00:10]} 38. Rc8 {[%clk 0:00:20]}  Re6 {[%clk 0:00:09]} 39. Bb8 {[%clk 0:00:17]}  g5 {[%clk 0:00:08]} 40. hxg5 {[%clk 0:00:16]}  hxg5 {[%clk 0:00:07]} 41. Ba7 {[%clk 0:00:16]}  Bd5 {[%clk 0:00:05]} 42. Rxc5 {[%clk 0:00:15]}  Ba8 {[%clk 0:00:05]} 43. Rc8 {[%clk 0:00:15]}  Bd5 {[%clk 0:00:05]} 44. Bxd4 {[%clk 0:00:14]}  g4 {[%clk 0:00:04]} 45. fxg4 {[%clk 0:00:14]}  Kg6 {[%clk 0:00:02]} 46. Rc5 {[%clk 0:00:14]} 1-0

[Event "April 9 Early 2024"]
[Site "Chess.com"]
[Date "2024.04.09"]
[Round "7"]
[White "Rendle, Thomas E"]
[Black "Leve, Nitai"]
[Result "1-0"]
[Board "126"]
[WhiteFideId "408760"]
[BlackFideId "2006898"]
[WhiteTitle "IM"]
[WhiteElo "2607"]
[BlackElo "2447"]
[WhiteTeam "ENG"]
[BlackTeam "USA"]
[WhiteClock "0:01:12"]
[BlackClock "0:01:09"]
[Variant "Standard"]

1. d4 {[%clk 0:02:55]}  Nf6 {[%clk 0:02:58]} 2. c4 {[%clk 0:02:54]}  g6 {[%clk 0:02:56]} 3. Nc3 {[%clk 0:02:52]}  Bg7 {[%clk 0:02:55]} 4. e4 {[%clk 0:02:53]}  d6 {[%clk 0:02:53]} 5. Nf3 {[%clk 0:02:53]}  O-O {[%clk 0:02:52]} 6. Be2 {[%clk 0:02:54]}  Nbd7 {[%clk 0:02:51]} 7. O-O {[%clk 0:02:52]}  e5 {[%clk 0:02:51]} 8. Be3 {[%clk 0:02:51]}  exd4 {[%clk 0:02:43]} 9. Nxd4 {[%clk 0:02:51]}  Re8 {[%clk 0:02:41]} 10. f3 {[%clk 0:02:49]}  Ne5 {[%clk 0:02:33]} 11. Qd2 {[%clk 0:02:46]}  Nc6 {[%clk 0:02:19]} 12. Nxc6 {[%clk 0:02:43]}  bxc6 {[%clk 0:02:20]} 13. Rfd1 {[%clk 0:02:41]}  c5 {[%clk 0:02:20]} 14. Bxc5 {[%clk 0:02:32]}  Rb8 {[%clk 0:02:20]} 15. Bxa7 {[%clk 0:02:29]}  Rb7 {[%clk 0:02:19]} 16. Bd4 {[%clk 0:02:28]}  Be6 {[%clk 0:02:14]} 17. b3 {[%clk 0:02:26]}  Qa8 {[%clk 0:02:12]} 18. Nd5 {[%clk 0:02:21]}  Bxd5 {[%clk 0:02:03]} 19. cxd5 {[%clk 0:02:18]}  Reb8 {[%clk 0:01:40]} 20. Rac1 {[%clk 0:02:14]}  Nd7 {[%clk 0:01:35]} 21. Bxg7 {[%clk 0:02:09]}  Kxg7 {[%clk 0:01:36]} 22. f4 {[%clk 0:02:01]}  Rb4 {[%clk 0:01:31]} 23. Rxc7 {[%clk 0:01:54]}  Nc5 {[%clk 0:01:31]} 24. e5 {[%clk 0:01:48]}  dxe5 {[%clk 0:01:26]} 25. Rxc5 {[%clk 0:01:32]}  Qa7 {[%clk 0:01:27]} 26. Qe3 {[%clk 0:01:31]}  Rc8 {[%clk 0:01:20]} 27. Rc3 {[%clk 0:01:12]}  Rd4 {[%clk 0:01:09]} 28. Qxe5+ {[%clk 0:01:12]} 1-0

[Event "April 9 Early 2024"]
[Site "Chess.com"]
[Date "2024.04.09"]
[Round "7"]
[White "Herman, Daniel"]
[Black "Novoselov, Roman"]
[Result "0-1"]
[Board "128"]
[WhiteFideId "30935008"]
[BlackFideId "4135067"]
[BlackTitle "FM"]
[WhiteElo "2440"]
[BlackElo "2605"]
[WhiteTeam "USA"]
[BlackTeam "RUS"]
[WhiteClock "0:00:03"]
[BlackClock "0:00:07"]
[Variant "Standard"]

1. e4 {[%clk 0:03:00]}  d5 {[%clk 0:02:59]} 2. exd5 {[%clk 0:03:00]}  Qxd5 {[%clk 0:02:59]} 3. Nc3 {[%clk 0:03:01]}  Qd6 {[%clk 0:02:59]} 4. d4 {[%clk 0:03:01]}  Nf6 {[%clk 0:02:59]} 5. Nf3 {[%clk 0:03:01]}  c6 {[%clk 0:03:00]} 6. Ne5 {[%clk 0:03:01]}  Nbd7 {[%clk 0:03:00]} 7. Nc4 {[%clk 0:03:00]}  Qc7 {[%clk 0:03:00]} 8. Qf3 {[%clk 0:02:59]}  Nb6 {[%clk 0:02:58]} 9. Bf4 {[%clk 0:02:56]}  Qd8 {[%clk 0:02:58]} 10. Ne5 {[%clk 0:02:45]}  Bf5 {[%clk 0:02:53]} 11. O-O-O {[%clk 0:02:42]}  e6 {[%clk 0:02:53]} 12. g4 {[%clk 0:02:39]}  Bg6 {[%clk 0:02:49]} 13. h4 {[%clk 0:02:40]}  h5 {[%clk 0:02:45]} 14. g5 {[%clk 0:02:13]}  Nfd5 {[%clk 0:02:28]} 15. Nxg6 {[%clk 0:02:12]}  fxg6 {[%clk 0:02:29]} 16. Bd3 {[%clk 0:02:07]}  Ne7 {[%clk 0:02:18]} 17. Rhe1 {[%clk 0:02:04]}  Qd7 {[%clk 0:02:18]} 18. Ne4 {[%clk 0:01:50]}  Nf5 {[%clk 0:02:18]} 19. Nc5 {[%clk 0:01:42]}  Bxc5 {[%clk 0:01:46]} 20. dxc5 {[%clk 0:01:43]}  Qd5 {[%clk 0:01:38]} 21. Be4 {[%clk 0:01:02]}  Qxc5 {[%clk 0:01:06]} 22. Qb3 {[%clk 0:00:29]}  O-O {[%clk 0:00:46]} 23. Qxe6+ {[%clk 0:00:28]}  Kh7 {[%clk 0:00:47]} 24. Rd6 {[%clk 0:00:22]}  Qxf2 {[%clk 0:00:25]} 25. Qxg6+ {[%clk 0:00:22]}  Kg8 {[%clk 0:00:25]} 26. Bd2 {[%clk 0:00:13]}  Nc4 {[%clk 0:00:13]} 27. Qe6+ {[%clk 0:00:04]}  Kh8 {[%clk 0:00:13]} 28. Qxc4 {[%clk 0:00:05]}  Nxd6 {[%clk 0:00:11]} 29. Qd3 {[%clk 0:00:03]}  Nxe4 {[%clk 0:00:10]} 30. Qxe4 {[%clk 0:00:04]}  Rae8 {[%clk 0:00:07]} 31. Qxe8 {[%clk 0:00:04]}  Rxe8 {[%clk 0:00:08]} 32. Rxe8+ {[%clk 0:00:04]}  Kh7 {[%clk 0:00:08]} 33. Be1 {[%clk 0:00:05]}  Qf4+ {[%clk 0:00:08]} 34. Kb1 {[%clk 0:00:04]}  Qf7 {[%clk 0:00:07]} 35. Re2 {[%clk 0:00:03]}  Qf3 {[%clk 0:00:08]} 36. Re8 {[%clk 0:00:03]}  Qd1# {[%clk 0:00:07]} 0-1

[Event "April 9 Early 2024"]
[Site "Chess.com"]
[Date "2024.04.09"]
[Round "7"]
[White "Pavlov, Nikolay"]
[Black "Mazurkiewicz, Michal"]
[Result "1-0"]
[Board "130"]
[WhiteFideId "24141470"]
[BlackFideId "1124943"]
[WhiteTitle "FM"]
[BlackTitle "CM"]
[WhiteElo "2582"]
[BlackElo "2431"]
[WhiteTeam "RUS"]
[BlackTeam "POL"]
[WhiteClock "0:00:16"]
[BlackClock "0:00:02"]
[Variant "Standard"]

1. e4 {[%clk 0:03:00]}  d6 {[%clk 0:02:58]} 2. d4 {[%clk 0:03:00]}  Nf6 {[%clk 0:02:59]} 3. Nc3 {[%clk 0:03:00]}  c6 {[%clk 0:02:59]} 4. f4 {[%clk 0:02:59]}  Qb6 {[%clk 0:02:59]} 5. Nf3 {[%clk 0:02:58]}  Bg4 {[%clk 0:02:58]} 6. e5 {[%clk 0:02:46]}  Nd5 {[%clk 0:02:58]} 7. Be2 {[%clk 0:02:31]}  Nxc3 {[%clk 0:02:56]} 8. bxc3 {[%clk 0:02:31]}  e6 {[%clk 0:02:55]} 9. Ba3 {[%clk 0:02:20]}  d5 {[%clk 0:02:40]} 10. Bxf8 {[%clk 0:02:19]}  Kxf8 {[%clk 0:02:41]} 11. O-O {[%clk 0:02:12]}  Bxf3 {[%clk 0:02:39]} 12. Rxf3 {[%clk 0:02:10]}  g6 {[%clk 0:02:40]} 13. Rb1 {[%clk 0:02:09]}  Qc7 {[%clk 0:02:39]} 14. c4 {[%clk 0:02:06]}  b6 {[%clk 0:02:34]} 15. Rc3 {[%clk 0:01:50]}  Qb7 {[%clk 0:02:19]} 16. Bf3 {[%clk 0:01:48]}  Nd7 {[%clk 0:02:17]} 17. g4 {[%clk 0:01:24]}  Rc8 {[%clk 0:02:06]} 18. Qc1 {[%clk 0:01:14]}  Kg7 {[%clk 0:02:00]} 19. f5 {[%clk 0:01:12]}  h6 {[%clk 0:01:57]} 20. Qa3 {[%clk 0:00:56]}  gxf5 {[%clk 0:00:53]} 21. gxf5 {[%clk 0:00:56]}  exf5 {[%clk 0:00:53]} 22. Bh5 {[%clk 0:00:42]}  Nf8 {[%clk 0:00:52]} 23. Rg3+ {[%clk 0:00:35]}  Ng6 {[%clk 0:00:52]} 24. Qd6 {[%clk 0:00:35]}  Rcg8 {[%clk 0:00:31]} 25. Qf6+ {[%clk 0:00:19]}  Kh7 {[%clk 0:00:26]} 26. e6 {[%clk 0:00:20]}  Nh4 {[%clk 0:00:03]} 27. exf7 {[%clk 0:00:16]}  Rxg3+ {[%clk 0:00:03]} 28. hxg3 {[%clk 0:00:17]}  Ng6 {[%clk 0:00:02]} 29. Qxg6# {[%clk 0:00:16]} 1-0

[Event "April 9 Early 2024"]
[Site "Chess.com"]
[Date "2024.04.09"]
[Round "7"]
[White "Tomb, Maroun"]
[Black "Manon-og, Ramon Jr."]
[Result "0-1"]
[Board "133"]
[WhiteFideId "5300398"]
[BlackFideId "5200776"]
[WhiteTitle "CM"]
[WhiteElo "2568"]
[BlackElo "2415"]
[WhiteTeam "LBN"]
[BlackTeam "PHI"]
[WhiteClock "0:01:40"]
[BlackClock "0:02:24"]
[Variant "Standard"]

1. e4 {[%clk 0:02:59]}  c5 {[%clk 0:02:59]} 2. Ne2 {[%clk 0:02:58]}  d6 {[%clk 0:02:58]} 3. g3 {[%clk 0:02:58]}  Nf6 {[%clk 0:02:58]} 4. Bg2 {[%clk 0:02:58]}  Nc6 {[%clk 0:02:59]} 5. O-O {[%clk 0:02:57]}  Bg4 {[%clk 0:02:58]} 6. h3 {[%clk 0:02:57]}  Bh5 {[%clk 0:02:54]} 7. c3 {[%clk 0:02:54]}  e5 {[%clk 0:02:53]} 8. g4 {[%clk 0:02:52]}  Bg6 {[%clk 0:02:53]} 9. f3 {[%clk 0:02:44]}  d5 {[%clk 0:02:52]} 10. d3 {[%clk 0:02:43]}  Be7 {[%clk 0:02:48]} 11. Be3 {[%clk 0:02:33]}  O-O {[%clk 0:02:46]} 12. Nd2 {[%clk 0:02:32]}  dxe4 {[%clk 0:02:38]} 13. dxe4 {[%clk 0:02:31]}  Qd3 {[%clk 0:02:35]} 14. Kf2 {[%clk 0:02:22]}  Nxg4+ {[%clk 0:02:30]} 15. fxg4 {[%clk 0:02:16]}  Bh4+ {[%clk 0:02:27]} 16. Kf3 {[%clk 0:02:17]}  f5 {[%clk 0:02:27]} 17. exf5 {[%clk 0:02:03]}  Rxf5+ {[%clk 0:02:26]} 18. gxf5 {[%clk 0:01:40]}  Bh5# {[%clk 0:02:24]} 0-1

[Event "April 9 Early 2024"]
[Site "Chess.com"]
[Date "2024.04.09"]
[Round "7"]
[White "Glidzhain, Gor"]
[Black "Soraas, Torben"]
[Result "1-0"]
[Board "134"]
[WhiteFideId "24109932"]
[BlackFideId "1503529"]
[WhiteTitle "FM"]
[BlackTitle "CM"]
[WhiteElo "2567"]
[BlackElo "2408"]
[WhiteTeam "RUS"]
[BlackTeam "NOR"]
[WhiteClock "0:00:59"]
[BlackClock "0:00:00"]
[Variant "Standard"]

1. e4 {[%clk 0:02:57]}  e6 {[%clk 0:03:00]} 2. d4 {[%clk 0:02:56]}  d5 {[%clk 0:03:00]} 3. Nc3 {[%clk 0:02:56]}  dxe4 {[%clk 0:03:01]} 4. Nxe4 {[%clk 0:02:57]}  Nd7 {[%clk 0:03:02]} 5. Nf3 {[%clk 0:02:56]}  Ngf6 {[%clk 0:03:03]} 6. Neg5 {[%clk 0:02:56]}  Bd6 {[%clk 0:03:02]} 7. Bd3 {[%clk 0:02:55]}  O-O {[%clk 0:03:02]} 8. c3 {[%clk 0:02:54]}  e5 {[%clk 0:02:56]} 9. Qc2 {[%clk 0:02:09]}  h6 {[%clk 0:02:17]} 10. Bh7+ {[%clk 0:02:01]}  Kh8 {[%clk 0:02:13]} 11. h4 {[%clk 0:02:01]}  exd4 {[%clk 0:01:14]} 12. cxd4 {[%clk 0:01:49]}  Bb4+ {[%clk 0:01:12]} 13. Kf1 {[%clk 0:01:46]}  Qe7 {[%clk 0:01:09]} 14. Bf4 {[%clk 0:01:35]}  b6 {[%clk 0:00:57]} 15. Kg1 {[%clk 0:01:25]}  Bb7 {[%clk 0:00:46]} 16. Ne5 {[%clk 0:01:24]}  c5 {[%clk 0:00:31]} 17. Ngxf7+ {[%clk 0:01:13]}  Rxf7 {[%clk 0:00:23]} 18. Ng6+ {[%clk 0:01:12]}  Kxh7 {[%clk 0:00:20]} 19. Nxe7+ {[%clk 0:01:12]}  Be4 {[%clk 0:00:18]} 20. Qb3 {[%clk 0:01:07]}  Rxe7 {[%clk 0:00:17]} 21. a3 {[%clk 0:01:08]}  Bd5 {[%clk 0:00:10]} 22. Qd3+ {[%clk 0:01:05]}  Be4 {[%clk 0:00:07]} 23. Qe2 {[%clk 0:00:59]}  Ba5 {[%clk 0:00:00]} 24. f3 {[%clk 0:00:59]} 1-0